[Event "Interclubs Adultes"]
[Site "VINCENNES"]
[Date "16.12.07"]
[Round "5.5"]
[White "Bangnoi, Alexandre"]
[Black "Peyrat, Olivier"]
[Result "0-1"]
[WhiteElo "2098"]
[BlackElo "2246"]
[PlyCount "68"]
[EventDate "16.12.07"]
[WhiteTeam "Belfort"]
[BlackTeam "Vincennes"]

1. e4 c6 2. Nc3 d5 3. Nf3 Bg4 4. h3 Bxf3 5. Qxf3 e6 6. d3 Nd7 7. Bd2 Ngf6 8.
O-O-O d4 9. Ne2 e5 10. g4 Nb6 11. Qg3 Nfd7 12. f4 Bd6 13. fxe5 Bxe5 14. Bf4
Bxf4+ 15. Qxf4 c5 16. Qd6 Qe7 17. Qxe7+ Kxe7 18. c3 dxc3 19. bxc3 Rac8 20. Kd2
Rhd8 21. Ke3 Ne5 22. Bg2 Rxd3+ 23. Rxd3 Nbc4+ 24. Kf2 Nxd3+ 25. Kg3 Rd8 26. Rd1
Ne3 27. Rb1 b6 28. Bf3 Nc4 29. Rd1 g5 30. h4 h6 31. hxg5 hxg5 32. Rh1 Nde5 33.
Nc1 Rd2 34. Rd1 Nxf3 0-1

[Event "Interclubs Adultes"]
[Site "VINCENNES"]
[Date "16.12.07"]
[Round "5.6"]
[White "Jablonski, Noham"]
[Black "Dikant, Christophe"]
[Result "1-0"]
[WhiteElo "2279"]
[BlackElo "2070"]
[PlyCount "65"]
[EventDate "16.12.07"]
[WhiteTeam "Vincennes"]
[BlackTeam "Belfort"]

1. e4 c6 2. d4 g6 3. Be3 Bg7 4. Nc3 d5 5. Qd2 dxe4 6. Nxe4 Nd7 7. O-O-O Ngf6 8.
Ng3 O-O 9. Be2 Nd5 10. Bh6 Qc7 11. Bxg7 Kxg7 12. c4 N5f6 13. h4 Rd8 14. h5 Nf8
15. Kb1 Rb8 16. hxg6 fxg6 17. Nf3 c5 18. d5 b5 19. cxb5 c4 20. Rc1 Rxb5 21.
Bxc4 Rc5 22. Bb3 Rxc1+ 23. Rxc1 Qd7 24. Ne5 Qd6 25. Nc6 Rd7 26. Nd4 Rc7 27. Rh1
Rc5 28. Qh6+ Kg8 29. Nc6 Rxc6 30. dxc6+ e6 31. Rc1 Qd4 32. Rd1 Qb4 33. Qd2 1-0

[Event "Interclubs Adultes"]
[Site "VINCENNES"]
[Date "16.12.07"]
[Round "5.8"]
[White "Descroix, Claire"]
[Black "Cechetto, Lea"]
[Result "0-1"]
[WhiteElo "1649"]
[BlackElo "1728"]
[PlyCount "56"]
[EventDate "16.12.07"]
[WhiteTeam "Vincennes"]
[BlackTeam "Belfort"]

1. f4 d5 2. Nf3 Nc6 3. e3 Nf6 4. Bb5 Bd7 5. O-O a6 6. Bxc6 Bxc6 7. b3 e6 8. Bb2
Bc5 9. Qe1 Bb5 10. d3 Ng4 11. Bd4 Bxd4 12. Nxd4 Qf6 13. Nd2 c5 14. Nxb5 axb5
15. h3 Nh6 16. Kh1 Qc3 17. Qd1 Nf5 18. Rf3 O-O 19. e4 Nd4 20. Rg3 Nxc2 21. Rc1
Rxa2 22. Kh2 Rfa8 23. d4 Qb2 24. dxc5 Nd4 25. Nf1 Ne2 26. Rd3 Qf6 27. Re3 Qxf4+
28. Kh1 Qf2 0-1

[Event "Nationale 1 Toulouse-Besançon"]
[Site "Avignon"]
[Date "2007.12.16"]
[Round "5.1"]
[White "Van Elst, A."]
[Black "Charnushevich, A."]
[Result "0-1"]
[WhiteElo "2350"]
[BlackElo "2533"]
[PlyCount "66"]
[EventDate "2007.12.16"]
[SourceDate "2007.12.16"]

1. d4 Nf6 2. c4 e6 3. Nc3 d5 4. Nf3 Be7 5. Bf4 O-O 6. e3 Nbd7 7. Qb3 c6 8. h3
dxc4 9. Bxc4 b5 10. Bxe6 fxe6 11. Qxe6+ Kh8 12. Qxc6 Nb6 13. Bc7 Qd7 14. Ne5
Qxc6 15. Nxc6 b4 16. Nb5 Ba6 17. Nxe7 Bxb5 18. Rc1 Rf7 19. Rc5 Bd3 20. Nf5 Nbd5
21. Be5 Bxf5 22. Bxf6 Rxf6 23. Rxd5 Be4 24. Rg5 h6 25. Rg4 Bd3 26. f3 Rc8 27.
Kf2 Rc2+ 28. Kg3 Rxb2 29. d5 Bf5 30. Rd4 Bd7 31. e4 Rg6+ 32. Kf4 Rgxg2 33. e5
g5+ 0-1

[Event "Nationale 1 Toulouse-Besançon"]
[Site "Avignon"]
[Date "2007.12.16"]
[Round "5.2"]
[White "Sermier, G."]
[Black "Tournier, M."]
[Result "1/2-1/2"]
[WhiteElo "2359"]
[BlackElo "2225"]
[PlyCount "83"]
[EventDate "2007.12.16"]
[SourceDate "2007.12.16"]

1. e4 e5 2. Nf3 Nc6 3. d4 exd4 4. Nxd4 Nf6 5. Nxc6 bxc6 6. Bd3 d5 7. e5 Nd7 8.
O-O Nc5 9. f4 Nxd3 10. Qxd3 g6 11. Be3 c5 12. c4 d4 13. Bf2 Rb8 14. b3 Bg7 15.
Nd2 O-O 16. Ne4 Bf5 17. Qf3 Bxe4 18. Qxe4 f6 19. Bh4 Qd7 20. e6 f5 21. Qd5 Qxd5
22. cxd5 Rfe8 23. Rac1 Bf8 24. Bf6 Bd6 25. Be5 Rb5 26. Rc4 Kf8 27. Bxd6+ cxd6
28. Rf3 Reb8 29. h3 Kg7 30. g4 Kf6 31. Kg2 a5 32. g5+ Ke7 33. h4 Rb4 34. Rxb4
axb4 35. h5 Ra8 36. hxg6 Rxa2+ 37. Kf1 hxg6 38. Rh3 Rb2 39. Rh7+ Ke8 40. Rh8+
Ke7 41. Rh7+ Ke8 42. Rh8+ 1/2-1/2

[Event "Nationale 1 Toulouse-Besançon"]
[Site "Avignon"]
[Date "2007.12.16"]
[Round "5.3"]
[White "Heinis, V."]
[Black "Crut, A."]
[Result "0-1"]
[WhiteElo "2202"]
[BlackElo "2317"]
[PlyCount "68"]
[EventDate "2007.12.16"]
[SourceDate "2007.12.16"]

1. d4 d5 2. c4 e6 3. Nf3 Nf6 4. Nc3 c6 5. Bg5 Nbd7 6. e3 Qa5 7. cxd5 Nxd5 8.
Qd2 Bb4 9. Rc1 O-O 10. Bd3 e5 11. O-O exd4 12. exd4 Re8 13. Qc2 Nf8 14. Bd2 Be6
15. Ng5 h6 16. Nxe6 Nxe6 17. a3 Bxc3 18. bxc3 Qxa3 19. Rb1 Qe7 20. f4 Nf8 21.
Rf3 Nf6 22. h3 c5 23. dxc5 Qxc5+ 24. Kh1 b6 25. Kh2 Rad8 26. g4 Qd5 27. Rbf1
Ne4 28. Bc1 Nc5 29. Bb5 Re4 30. R1f2 Re1 31. Be3 Ne4 32. c4 Qd3 33. Qxd3 Rxd3
34. Bd2 Rxf3 0-1

[Event "Nationale 1 Toulouse-Besançon"]
[Site "Avignon"]
[Date "2007.12.16"]
[Round "5.4"]
[White "Claverie, C."]
[Black "Luminais, E."]
[Result "1/2-1/2"]
[WhiteElo "2320"]
[BlackElo "2231"]
[PlyCount "89"]
[EventDate "2007.12.16"]
[SourceDate "2007.12.16"]

1. d4 Nf6 2. Bg5 d5 3. Bxf6 exf6 4. e3 c6 5. c4 Qb6 6. Qd2 dxc4 7. Bxc4 Qb4 8.
Qxb4 Bxb4+ 9. Nc3 Be6 10. Bxe6 fxe6 11. Nge2 Nd7 12. a3 Bd6 13. O-O Ke7 14.
Rfc1 c5 15. Ne4 Rhc8 16. Nxd6 Kxd6 17. Rd1 Ke7 18. Rd2 Nb6 19. dxc5 Rxc5 20.
Rad1 Rac8 21. f3 Rc2 22. Kf2 e5 23. e4 Rxd2 24. Rxd2 Na4 25. Ke3 Rc6 26. h3 a5
27. b3 Nc5 28. b4 axb4 29. axb4 Na4 30. Ra2 b5 31. Kd3 Rd6+ 32. Kc2 g6 33. Ra3
Rc6+ 34. Kb3 f5 35. exf5 gxf5 36. Ra1 Rb6 37. g3 Rd6 38. Kc2 Ke6 39. g4 f4 40.
Re1 Rc6+ 41. Kb3 Kf6 42. h4 Rd6 43. Kc2 Rc6+ 44. Kb3 Rd6 45. Kc2 1/2-1/2

[Event "Nationale 1 Toulouse-Besançon"]
[Site "Avignon"]
[Date "2007.12.16"]
[Round "5.5"]
[White "Pasquier, T."]
[Black "Vesin, JR."]
[Result "1-0"]
[WhiteElo "2233"]
[BlackElo "2286"]
[PlyCount "83"]
[EventDate "2007.12.16"]
[SourceDate "2007.12.16"]

1. e4 c5 2. Nf3 g6 3. d4 Bg7 4. d5 Nf6 5. e5 Ng4 6. Nfd2 f5 7. exf6 Nxf6 8. Nc3
d6 9. Be2 O-O 10. O-O b6 11. a4 Na6 12. Nc4 Nb4 13. Ne3 e5 14. Nb5 Bb7 15. c3
Na6 16. Nc4 Bxd5 17. Bg5 Be6 18. Ncxd6 h6 19. Bxf6 Qxf6 20. Bc4 Rad8 21. Qe2
Bxc4 22. Qxc4+ Kh7 23. Ne4 Qe7 24. Rad1 Nb8 25. Qe2 Nc6 26. Rxd8 Nxd8 27. Rd1
Ne6 28. g3 a6 29. Na3 Qe8 30. Rd6 Nc7 31. Qg4 b5 32. Qd7 b4 33. Nc4 Qxd7 34.
Rxd7 bxc3 35. bxc3 Ne6 36. Ra7 Ng5 37. Ncd2 Nf3+ 38. Nxf3 Rxf3 39. Kg2 Rf5 40.
Rxa6 g5 41. Rc6 Bf8 42. Rf6 1-0

[Event "Nationale 1 Toulouse-Besançon"]
[Site "Avignon"]
[Date "2007.12.16"]
[Round "5.6"]
[White "Poignot, Q."]
[Black "Planell, E."]
[Result "1/2-1/2"]
[WhiteElo "2022"]
[BlackElo "2185"]
[PlyCount "62"]
[EventDate "2007.12.16"]
[SourceDate "2007.12.16"]

1. e4 d5 2. exd5 Qxd5 3. Nc3 Qa5 4. Bc4 Nf6 5. d3 c6 6. Bd2 Qc7 7. Qe2 e6 8.
O-O-O b5 9. Bb3 a5 10. a4 Nbd7 11. d4 bxa4 12. Nxa4 Nb6 13. Nf3 Ba6 14. Qe5 Bd6
15. Qg5 O-O 16. h4 Bb5 17. Nxb6 Qxb6 18. h5 Ne4 19. Qe3 Nxd2 20. Nxd2 a4 21.
Ba2 a3 22. b3 Rfc8 23. Ne4 Be7 24. h6 g6 25. Qf4 Qd8 26. Qe5 Qf8 27. Nc5 Rd8
28. b4 Bd6 29. Qf6 Be7 30. Qe5 Bd6 31. Qf6 Be7 1/2-1/2

[Event "Nationale 1 Toulouse-Besançon"]
[Site "Avignon"]
[Date "2007.12.16"]
[Round "5.7"]
[White "Sasot, E."]
[Black "Sermier, A."]
[Result "1/2-1/2"]
[WhiteElo "2151"]
[BlackElo "2099"]
[PlyCount "82"]
[EventDate "2007.12.16"]
[SourceDate "2007.12.16"]

1. d4 d5 2. c4 e6 3. Nc3 c6 4. e3 Nf6 5. Nf3 Bd6 6. Bd3 dxc4 7. Bxc4 b5 8. Bd3
Nbd7 9. O-O a6 10. e4 e5 11. Bg5 O-O 12. d5 c5 13. Qe2 Re8 14. b3 Nf8 15. a4 b4
16. Nd1 Ng6 17. Qc2 h6 18. Be3 Bg4 19. Nd2 Nf4 20. f3 Bh5 21. Nc4 Bf8 22. Ndb2
Bg6 23. g3 Nxd3 24. Nxd3 Nd7 25. Qb2 Qc7 26. Rac1 a5 27. Rfd1 f6 28. Qf2 Rac8
29. Rc2 f5 30. Nd2 Bd6 31. Rdc1 fxe4 32. Nxe4 Bxe4 33. fxe4 Rf8 34. Qe2 Qa7 35.
Qg4 Rf6 36. Nxc5 Rc7 37. Nxd7 Qxe3+ 38. Kg2 Rxd7 39. Qxd7 Qf3+ 40. Kh3 Qh5+ 41.
Kg2 Qf3+ 1/2-1/2

[Event "Nationale 1 Toulouse-Besançon"]
[Site "Avignon"]
[Date "2007.12.16"]
[Round "5.8"]
[White "Lamotte, G."]
[Black "Cwiek , F."]
[Result "1-0"]
[WhiteElo "1919"]
[BlackElo "1150"]
[PlyCount "57"]
[EventDate "2007.12.16"]
[SourceDate "2007.12.16"]

1. e4 e5 2. Nf3 d6 3. Bc4 Nf6 4. Ng5 Bg4 5. Bxf7+ Ke7 6. f3 h6 7. fxg4 hxg5 8.
Bb3 Nc6 9. d3 Ke8 10. Bxg5 Qd7 11. Bxf6 gxf6 12. Nc3 Rd8 13. Nd5 Qg7 14. Qf3
Rh6 15. c3 Na5 16. Ba4+ c6 17. Ne3 b5 18. Nf5 Qg5 19. Bc2 Rg6 20. h3 Bh6 21.
O-O Qd2 22. Rf2 Qf4 23. Qe2 Kf7 24. Rxf4 exf4 25. Nxh6+ Rxh6 26. Rf1 Kg6 27.
Rxf4 Kg5 28. Rf5+ Kh4 29. Qf2# 1-0

[Event "Nationale 1 Cannes-Lyon"]
[Site "Avignon"]
[Date "2007.12.16"]
[Round "5.1"]
[White "Sanchez, J."]
[Black "Lazarev, V."]
[Result "1/2-1/2"]
[WhiteElo "2496"]
[BlackElo "2488"]
[PlyCount "49"]
[EventDate "2007.12.16"]
[SourceDate "2007.12.16"]

1. e4 c5 2. Nf3 Nc6 3. d4 cxd4 4. Nxd4 Qc7 5. Nc3 e6 6. Be3 a6 7. Qd2 Nf6 8.
O-O-O Be7 9. f3 O-O 10. g4 b5 11. g5 Ne8 12. h4 Bb7 13. h5 Ne5 14. Kb1 Rc8 15.
Bd3 Nd6 16. g6 Ndc4 17. gxh7+ Kh8 18. Bxc4 Nxc4 19. Qd3 b4 20. Nce2 d5 21. exd5
Ne5 22. Qd2 Nc4 23. Qd3 Ne5 24. Qd2 Nc4 25. Qd3 1/2-1/2

[Event "Nationale 1 Cannes-Lyon"]
[Site "Avignon"]
[Date "2007.12.16"]
[Round "5.2"]
[White "Benitah, Y."]
[Black "Govciyan, P."]
[Result "1/2-1/2"]
[WhiteElo "2423"]
[BlackElo "2417"]
[PlyCount "35"]
[EventDate "2007.12.16"]
[SourceDate "2007.12.16"]

1. d4 Nf6 2. c4 c5 3. d5 b5 4. cxb5 a6 5. b6 d6 6. Nc3 Nbd7 7. e4 g6 8. Nf3 Bg7
9. Be2 O-O 10. O-O Nxb6 11. a4 a5 12. Qc2 Ba6 13. Nb5 Qd7 14. Ra2 e6 15. dxe6
Qxe6 16. b3 Bxb5 17. Bxb5 Qxe4 18. Rd1 1/2-1/2

[Event "Nationale 1 Cannes-Lyon"]
[Site "Avignon"]
[Date "2007.12.16"]
[Round "5.3"]
[White "Guidarelli, L."]
[Black "Vernay, C."]
[Result "1-0"]
[WhiteElo "2444"]
[BlackElo "2396"]
[PlyCount "55"]
[EventDate "2007.12.16"]
[SourceDate "2007.12.16"]

1. d4 d5 2. c4 c6 3. Nf3 Nf6 4. Nc3 dxc4 5. a4 Bf5 6. e3 e6 7. Bxc4 Bb4 8. O-O
Nbd7 9. Nh4 Bg4 10. f3 Bh5 11. g4 Nd5 12. Qe1 Be7 13. Ng2 Bg6 14. e4 Nb4 15. f4
Nf6 16. Qe2 Nxg4 17. Qxg4 Qxd4+ 18. Ne3 Nc2 19. Qe2 Nxa1 20. f5 Bg5 21. fxg6
hxg6 22. Kh1 Rd8 23. Nf5 Qf6 24. e5 Qxf5 25. Rxf5 Bxc1 26. Rf2 Rd2 27. Qf3 Rxf2
28. Qxf2 1-0

[Event "Nationale 1 Cannes-Lyon"]
[Site "Avignon"]
[Date "2007.12.16"]
[Round "5.4"]
[White "Ravot, S."]
[Black "Levacic, D."]
[Result "0-1"]
[WhiteElo "2232"]
[BlackElo "2253"]
[PlyCount "82"]
[EventDate "2007.12.16"]
[SourceDate "2007.12.16"]

1. e4 c5 2. Ne2 Nc6 3. Nbc3 d6 4. g3 Bg4 5. Bg2 Nd4 6. h3 Bf3 7. O-O Qd7 8.
Bxf3 Nxf3+ 9. Kg2 Ne5 10. d4 cxd4 11. Nxd4 g6 12. Rb1 Bg7 13. Re1 Rc8 14. a3
Nc4 15. Nd5 e6 16. b3 exd5 17. exd5+ Ne5 18. f4 Ne7 19. fxe5 dxe5 20. Nf3 Qxd5
21. Qxd5 Nxd5 22. c4 Nc3 23. Ra1 O-O 24. Nxe5 Rfe8 25. Nf3 Rxe1 26. Nxe1 b5 27.
c5 Ne4 28. Rb1 Rxc5 29. Be3 Rc3 30. Bxa7 Rxg3+ 31. Kf1 Rxh3 32. Kg2 Rg3+ 33.
Kh1 Bf8 34. Nc2 Bc5 35. Bb8 Rc3 36. Nb4 f5 37. Be5 Re3 38. Bf4 Rf3 39. Nd5 g5
40. Be5 f4 41. a4 Nf2+ 0-1

[Event "Nationale 1 Cannes-Lyon"]
[Site "Avignon"]
[Date "2007.12.16"]
[Round "5.5"]
[White "Parmentier, X."]
[Black "Safranska, A."]
[Result "0-1"]
[WhiteElo "2302"]
[BlackElo "2294"]
[PlyCount "118"]
[EventDate "2007.12.16"]
[SourceDate "2007.12.16"]

1. d4 d6 2. e4 g6 3. c4 Bg7 4. Nc3 Nf6 5. Nf3 O-O 6. Be2 Na6 7. O-O e5 8. Be3
Ng4 9. Bg5 f6 10. Bc1 Nh6 11. Rb1 Nf7 12. Be3 f5 13. dxe5 dxe5 14. Qxd8 Rxd8
15. exf5 gxf5 16. g3 c6 17. Rfd1 Re8 18. Bf1 f4 19. gxf4 Bg4 20. Nxe5 Bxd1 21.
Rxd1 Nxe5 22. fxe5 Bxe5 23. Rd7 b6 24. Bg2 Re6 25. Nb5 Nc5 26. Bxc5 bxc5 27.
Nxa7 Bxb2 28. Kf1 Kh8 29. Nxc6 Rxa2 30. Bd5 Ra1+ 31. Kg2 Rg6+ 32. Kf3 Rf6+ 33.
Ke2 Ra2 34. f3 Rf8 35. Kd3 Bf6 36. h3 Rh2 37. Be6 Bg5 38. Rf7 Rxf7 39. Bxf7
Rxh3 40. Bd5 Rh4 41. Ne5 Kg7 42. Nd7 Be7 43. Ke3 Bd6 44. Be4 h6 45. Kf2 Kf7 46.
Bd5+ Ke7 47. Nb6 Bf4 48. Na4 Kd6 49. Nc3 Ke5 50. Ne2 Rh2+ 51. Kf1 Be3 52. Bc6
h5 53. Nc3 Rf2+ 54. Ke1 Rc2 55. Nd5 Kd4 56. f4 Kd3 57. Kf1 Rf2+ 58. Ke1 Bd4 59.
Be8 Re2+ 0-1

[Event "Nationale 1 Cannes-Lyon"]
[Site "Avignon"]
[Date "2007.12.16"]
[Round "5.6"]
[White "Curto, N."]
[Black "De Labaca, R."]
[Result "0-1"]
[WhiteElo "2134"]
[BlackElo "2164"]
[PlyCount "58"]
[EventDate "2007.12.16"]
[SourceDate "2007.12.16"]

1. Nf3 c5 2. c4 Nc6 3. g3 g6 4. Bg2 Bg7 5. Nc3 e5 6. O-O Nge7 7. Ne1 d6 8. Nc2
Be6 9. Ne3 O-O 10. Ned5 Qd7 11. Qa4 Nc8 12. Ne4 Qd8 13. Nec3 Nb6 14. Nxb6 axb6
15. Qd1 Bxc4 16. d3 Be6 17. Nd5 Ne7 18. Nc3 Qd7 19. e4 f5 20. Nd5 Nxd5 21. exd5
Bf7 22. Bd2 b5 23. Qc2 Rfc8 24. b3 b4 25. Rac1 Rcb8 26. f4 Ra6 27. fxe5 Bxe5
28. Bf4 Bd4+ 29. Kh1 Rba8 0-1

[Event "Nationale 1 Cannes-Lyon"]
[Site "Avignon"]
[Date "2007.12.16"]
[Round "5.7"]
[White "Kerbrat, J."]
[Black "Benedic, P."]
[Result "1-0"]
[WhiteElo "2171"]
[BlackElo "2083"]
[PlyCount "67"]
[EventDate "2007.12.16"]
[SourceDate "2007.12.16"]

1. e4 e5 2. Nf3 Nc6 3. d4 exd4 4. Bc4 Nf6 5. e5 d5 6. Bb5 Ne4 7. Nxd4 Bc5 8.
Be3 O-O 9. Bxc6 bxc6 10. O-O Bxd4 11. Bxd4 c5 12. Be3 d4 13. Bc1 c4 14. Na3 Ba6
15. Qg4 Qd5 16. f3 Nc5 17. Re1 Kh8 18. b3 c3 19. Rd1 Ne6 20. f4 f5 21. Qh4 Rad8
22. Qf2 Nc5 23. Nb1 Ne4 24. Qf3 d3 25. Be3 d2 26. a4 c5 27. Bf2 Rg8 28. h4 Bb7
29. Na3 Ba6 30. Nb5 Bb7 31. Nxa7 Qf7 32. Qh3 Qh5 33. Nb5 Rde8 34. Nxc3 1-0

[Event "Nationale 1 Cannes-Lyon"]
[Site "Avignon"]
[Date "2007.12.16"]
[Round "5.8"]
[White "Mehiaoui, D."]
[Black "Verot, M."]
[Result "0-1"]
[WhiteElo "1874"]
[BlackElo "2112"]
[PlyCount "80"]
[EventDate "2007.12.16"]
[SourceDate "2007.12.16"]

1. e4 d5 2. exd5 Qxd5 3. Nc3 Qd6 4. d4 Nf6 5. Nf3 c6 6. Be2 Bg4 7. Be3 e6 8.
Qd2 Qd8 9. O-O Bb4 10. a3 Ba5 11. b4 Bc7 12. Bf4 O-O 13. Bxc7 Qxc7 14. Ne5 Bf5
15. Bd3 Bxd3 16. Qxd3 Rd8 17. Ne4 Nbd7 18. f4 Nxe4 19. Qxe4 Nf6 20. Qd3 a5 21.
Rad1 axb4 22. axb4 Nd5 23. f5 exf5 24. Rxf5 f6 25. Ng4 Qf7 26. Qg3 Qg6 27. Rdf1
Rf8 28. b5 Ra4 29. bxc6 bxc6 30. c3 Ra3 31. R5f3 Rb3 32. c4 Rxf3 33. Qxf3 Nb4
34. Ne5 Qc2 35. Nxc6 Qxc4 36. Ne7+ Kh8 37. d5 Qc5+ 38. Kh1 Qxe7 39. Rd1 Qd6 40.
Qa3 Rd8 0-1

[Event "Nationale 1 Avignon-Grasse"]
[Site "?"]
[Date "2007.12.16"]
[Round "5.1"]
[White "Dobrev, N."]
[Black "Alsina Leal, D."]
[Result "1-0"]
[WhiteElo "2448"]
[BlackElo "2435"]
[PlyCount "129"]
[SourceDate "2007.12.16"]

1. d4 d5 2. Nf3 Nf6 3. c4 c6 4. Nc3 e6 5. cxd5 exd5 6. Qc2 Na6 7. Bg5 Be7 8. e3
Nb4 9. Qd2 Bf5 10. Rc1 Ne4 11. Nxe4 dxe4 12. Bxe7 Qxe7 13. Rc5 Nd5 14. Qc2 b6
15. Rxd5 Qb4+ 16. Kd1 cxd5 17. Qc6+ Ke7 18. Qc7+ Kf8 19. Ne5 Qe7 20. Qc6 Rc8
21. Qxd5 Qc7 22. Nc4 Be6 23. Qd6+ Qxd6 24. Nxd6 Rc6 25. Nxe4 Bxa2 26. Nc3 Bb3+
27. Kd2 Ke7 28. Bb5 Rcc8 29. Ba6 Rc7 30. Ra1 Rd8 31. Ra3 Bd5 32. f3 Rdd7 33.
Kd3 Bb7 34. Bc4 Bc6 35. b3 Rd6 36. e4 Rh6 37. h3 Rg6 38. Ra2 h5 39. d5 b5 40.
Nxb5 Bxb5 41. Bxb5 Kd6 42. Kd4 Rc1 43. Rxa7 Rd1+ 44. Bd3 f6 45. g4 hxg4 46.
hxg4 Rc1 47. b4 Rc7 48. Ra6+ Kd7 49. Bb5+ Kd8 50. d6 Rc1 51. Ra8+ Rc8 52. Ra7
Rb8 53. Bd7 Rxb4+ 54. Kc5 Rb8 55. Bf5 Rh6 56. Rxg7 Rh8 57. Kc6 Rb2 58. Rd7+ Ke8
59. Bg6+ Kf8 60. Rd8+ Kg7 61. Rxh8 Rc2+ 62. Kd5 Kxh8 63. Ke6 Kg7 64. d7 Rd2 65.
Ke7 1-0

[Event "Nationale 1 Avignon-Grasse"]
[Site "?"]
[Date "2007.12.16"]
[Round "5.2"]
[White "Romero Holmes, A."]
[Black "Dunis, A."]
[Result "1/2-1/2"]
[WhiteElo "2530"]
[BlackElo "2504"]
[PlyCount "38"]
[SourceDate "2007.12.16"]

1. c4 c6 2. e4 d5 3. exd5 Nf6 4. Nc3 cxd5 5. d4 e6 6. cxd5 Nxd5 7. Bd3 Nc6 8.
Nf3 Be7 9. O-O O-O 10. a3 Bf6 11. Be4 Nce7 12. Qd3 Ng6 13. g3 b6 14. h4 Re8 15.
h5 Nf8 16. h6 g6 17. Ne5 Bb7 18. Qf3 Qe7 19. Re1 Rad8 1/2-1/2

[Event "Nationale 1 Avignon-Grasse"]
[Site "?"]
[Date "2007.12.16"]
[Round "5.3"]
[White "Andonov, B."]
[Black "Rahal, M."]
[Result "1-0"]
[WhiteElo "2361"]
[BlackElo "2390"]
[PlyCount "127"]
[SourceDate "2007.12.16"]

1. Nf3 Nf6 2. c4 b6 3. g3 Bb7 4. d4 e6 5. Bg2 Be7 6. O-O O-O 7. Re1 a5 8. Nc3
Ne4 9. Bd2 f5 10. Ne5 d6 11. Nd3 Bf6 12. Nxe4 Bxe4 13. Bc3 Bxg2 14. Kxg2 c5 15.
Nf4 Qc8 16. e4 fxe4 17. d5 Bxc3 18. bxc3 e5 19. Ne6 Rf6 20. Rb1 Nd7 21. Ng5 Qf8
22. Rb2 h6 23. Nxe4 Rf7 24. Qe2 Rb8 25. Reb1 Qe7 26. Rb5 Rff8 27. R1b2 Rf7 28.
Qg4 Nf6 29. Nxf6+ Qxf6 30. Rxa5 Re8 31. Rab5 e4 32. Qe2 Qxc3 33. Rxb6 Qf3+ 34.
Qxf3 exf3+ 35. Kf1 Re4 36. Rc2 Rfe7 37. Rc1 Ra7 38. Rb3 Rxa2 39. Rxf3 Ra4 40.
Rfc3 Kf7 41. f3 Rd4 42. Ke2 Ra2+ 43. R1c2 Ra4 44. Ke3 Rb4 45. f4 Ra4 46. Kf3
Rb4 47. Ra3 Rbxc4 48. Ra7+ Kf6 49. Rxc4 Rxc4 50. Rd7 Rd4 51. Rxd6+ Ke7 52. Re6+
Kf7 53. Re5 c4 54. Re4 Rxd5 55. Rxc4 Rd7 56. Kg4 Ra7 57. Rc5 Rb7 58. Kh5 Ra7
59. h4 Ra3 60. Rc7+ Kg8 61. g4 Ra4 62. f5 Rf4 63. g5 Ra4 64. Kg6 1-0

[Event "Nationale 1 Avignon-Grasse"]
[Site "?"]
[Date "2007.12.16"]
[Round "5.4"]
[White "Duquesnoy, JP."]
[Black "Di Paolo, Raffaele"]
[Result "0-1"]
[WhiteElo "2259"]
[BlackElo "2342"]
[PlyCount "62"]
[SourceDate "2007.12.16"]

1. d4 e6 2. g3 f5 3. Bg2 Nf6 4. c4 d5 5. Nf3 c6 6. O-O Bd6 7. b3 Qe7 8. Bb2 O-O
9. Qc1 b6 10. Ba3 Bb7 11. Bxd6 Qxd6 12. Na3 Nbd7 13. Qb2 Ne4 14. Nc2 f4 15.
Nce1 fxg3 16. hxg3 c5 17. Nd3 Rac8 18. dxc5 bxc5 19. Rad1 d4 20. Nf4 e5 21. Nd5
Bxd5 22. cxd5 Nc3 23. Rc1 e4 24. Ng5 Qxd5 25. Nh3 Qe5 26. e3 Nf6 27. Nf4 g5 28.
Bh3 gxf4 29. exf4 Qh5 30. Bxc8 Rxc8 31. Kg2 Qf3+ 0-1

[Event "Nationale 1 Avignon-Grasse"]
[Site "?"]
[Date "2007.12.16"]
[Round "5.5"]
[White "Abravanel, C."]
[Black "Pieroni, G."]
[Result "1/2-1/2"]
[WhiteElo "2337"]
[BlackElo "2223"]
[PlyCount "58"]
[SourceDate "2007.12.16"]

1. g3 Nf6 2. Bg2 d5 3. c4 c6 4. Qc2 Bg4 5. Nf3 Nbd7 6. d3 e6 7. Nbd2 Be7 8. b3
O-O 9. Bb2 Bh5 10. O-O Re8 11. Rfe1 h6 12. Rac1 Bb4 13. a3 Ba5 14. b4 Bb6 15.
c5 Bc7 16. e4 Nh7 17. Qb3 Nhf8 18. Nd4 Bg6 19. b5 Ba5 20. Red1 Qe7 21. bxc6
Nxc5 22. Qc2 Bb6 23. a4 Na6 24. Qc3 e5 25. N4b3 d4 26. Qc4 Rac8 27. Qb5 Nc7 28.
Qc4 Na6 29. Qb5 Nc7 1/2-1/2

[Event "Nationale 1 Avignon-Grasse"]
[Site "?"]
[Date "2007.12.16"]
[Round "5.6"]
[White "Meynard, T."]
[Black "Buffe, F."]
[Result "1/2-1/2"]
[WhiteElo "2288"]
[BlackElo "2150"]
[PlyCount "56"]
[SourceDate "2007.12.16"]

1. d4 d5 2. c4 e6 3. Nc3 Nf6 4. Bg5 c6 5. e3 Nbd7 6. Qc2 Qa5 7. Bxf6 Nxf6 8.
Bd3 Bd6 9. Nf3 dxc4 10. Bxc4 O-O 11. O-O e5 12. Ne4 Nxe4 13. Qxe4 exd4 14. Qxd4
Bc7 15. Qh4 Bd8 16. Qf4 Bc7 17. b4 Bxf4 18. bxa5 Bc7 19. a6 b6 20. Nd4 Be5 21.
Rac1 Bxd4 22. exd4 Rd8 23. Rfd1 Rd6 24. d5 c5 25. a4 Bd7 26. Bb3 Bc8 27. Bc4
Bd7 28. Bb3 Bc8 1/2-1/2

[Event "Nationale 1 Avignon-Grasse"]
[Site "?"]
[Date "2007.12.16"]
[Round "5.7"]
[White "Henneteau, J."]
[Black "Cursoux, L."]
[Result "1-0"]
[WhiteElo "2119"]
[BlackElo "2243"]
[PlyCount "53"]
[SourceDate "2007.12.16"]

1. d4 Nf6 2. c4 c5 3. d5 b5 4. cxb5 a6 5. b6 Qxb6 6. Nc3 g6 7. Nf3 Bg7 8. e4 d6
9. Nd2 O-O 10. Nc4 Qc7 11. a4 Nbd7 12. a5 Bb7 13. Be2 Rfe8 14. O-O e6 15. Bf4
Bf8 16. Ra3 Rad8 17. h3 exd5 18. exd5 Nxd5 19. Nxd5 Bxd5 20. Qxd5 Rxe2 21. Rb3
Nf6 22. Qf3 Re4 23. Nd2 Rxf4 24. Qxf4 Nd5 25. Qc4 Nb4 26. Rxb4 Qxa5 27. Rb7 1-0

[Event "Nationale 1 Avignon-Grasse"]
[Site "?"]
[Date "2007.12.16"]
[Round "5.8"]
[White "Bomba, M."]
[Black "Forestier, C."]
[Result "0-1"]
[WhiteElo "1836"]
[BlackElo "1975"]
[PlyCount "108"]
[SourceDate "2007.12.16"]

1. d4 d5 2. Nf3 Nf6 3. Bf4 c5 4. e3 Nc6 5. c3 Qb6 6. Qb3 c4 7. Qxb6 axb6 8.
Nbd2 h6 9. h3 Bf5 10. Be2 e6 11. O-O b5 12. Ne5 b4 13. Nxc6 bxc6 14. cxb4 Bxb4
15. Nf3 O-O 16. Ne5 Rfc8 17. Rfc1 Be7 18. f3 c5 19. a3 cxd4 20. exd4 Bh7 21.
Bd1 Nh5 22. Bh2 Bg5 23. f4 Nxf4 24. h4 Nh3+ 25. gxh3 Be3+ 26. Kf1 Bxc1 27. Rxc1
c3 28. bxc3 Rxa3 29. Bh5 g6 30. Bg4 Raxc3 31. Rxc3 Rxc3 32. Kg2 g5 33. hxg5
hxg5 34. Bg1 Rc2+ 35. Kf1 Rc1+ 36. Kf2 Kf8 37. Nf3 Rc2+ 38. Kf1 Bd3+ 39. Ke1
Re2+ 40. Kd1 Rg2 41. Be3 f5 42. Ne1 fxg4 43. hxg4 Be2+ 44. Kd2 Rh2 45. Bxg5
Bxg4+ 46. Kd3 Rh1 47. Kd2 Rh2+ 48. Kd3 Re2 49. Nc2 Rg2 50. Ne3 Be2+ 51. Kd2
Rxg5 52. Kxe2 Ke7 53. Kf3 Kf6 54. Ng4+ Rxg4 0-1

[Event "Interclubs Adultes"]
[Site "LYON OE"]
[Date "2008.02.09"]
[Round "6.1"]
[White "Velikov, Petar"]
[Black "Charnushevich, Aliaksei"]
[Result "1/2-1/2"]
[WhiteElo "2410"]
[BlackElo "2537"]
[PlyCount "47"]
[EventDate "2008.02.09"]
[WhiteTeam "Vincennes"]
[BlackTeam "Besançon T.P.G."]

1. Nf3 Nf6 2. c4 e6 3. d4 Bb4+ 4. Bd2 Qe7 5. g3 Nc6 6. Bg2 Bxd2+ 7. Nbxd2 d6 8.
O-O e5 9. d5 Nb8 10. e4 Nbd7 11. Ne1 h5 12. Nef3 a5 13. Qe2 Nc5 14. h3 Nh7 15.
Nb3 b6 16. Rfe1 g5 17. Nh2 Nf8 18. Nxc5 bxc5 19. Bf3 h4 20. Bg4 Bxg4 21. Qxg4
Qd7 22. Kg2 Qxg4 23. Nxg4 Ng6 24. Rac1 1/2-1/2